| 000 | 00727nam a22002538a 4500 | ||
|---|---|---|---|
| 001 | 013699385 | ||
| 003 | Uk | ||
| 005 | 20150901143429.0 | ||
| 008 | 070319s2007 enk 000 f eng d | ||
| 015 |
_aGBA722464 _2bnb |
||
| 040 |
_aStDuBDS _beng _cStDuBDS |
||
| 082 | 0 | 4 |
_a428.6 _222 _bMOS |
| 100 | 1 |
_aMoses, Antoinette. _929163 |
|
| 245 | 1 | 4 |
_aThe Girl at the Window / _cAntoinette Moses. |
| 260 |
_aCambridge : _bCambridge University Press, _c2007. |
||
| 263 | _a200706 | ||
| 300 |
_a32 p. : _bill. ; _c20 cm. |
||
| 490 | 0 |
_aCambridge English readers _vstarter level. |
|
| 650 |
_929155 _aReaders for new literates _2BUEsh |
||
| 651 | _2BUEsh | ||
| 653 | _cMarch2012 | ||
| 655 | 7 |
_aGhost stories. _2gsafd |
|
| 942 |
_2ddc _cBB |
||
| 999 |
_c16533 _d16533 |
||